000 00287nam a2200085Ia 4500
245 0 _aRecovery RSA : a resource book for those affected by addiction
100 _a HUTTON, Barbara Auckland Park, South Africa, 2011
_985203
942 _cBK
008 210817s9999 xx 000 0 und d
999 _c317204
_d317203